European business facts and figures

Salvato in:
Dettagli Bibliografici
Enti autori: European Commission, Eurostat
Natura: Libro
Lingua:inglese
Pubblicazione: Luxembourg European Communities 2004
Serie:Panorama of the European Union
Soggetti:
Tags: Aggiungi Tag
Nessun Tag, puoi essere il primo ad aggiungerne!!

MARC

LEADER 00000nam$a2200000$$$4500
001 0047930
005 20221221130010.3
020 |a 92-894-5433-4 
022 |a 1681-2050 
041 0 |a eng 
044 |a LU 
245 1 0 |a European business  |b facts and figures 
264 1 |a Luxembourg  |b European Communities  |c 2004 
300 |a CD-ROM 
490 1 |a Panorama of the European Union 
830 0 |a Panorama of the European Union 
610 2 0 |a údaje štatistické medzinárodné 
610 2 0 |a odvetvia priemyselné 
610 2 0 |a odvetvia výrobné 
610 2 0 |a obchod 
610 2 0 |a turistika 
610 2 0 |a doprava 
610 2 0 |a komunikácia 
610 2 0 |a služby 
610 2 0 |a médiá 
610 2 0 |a energia 
610 2 0 |a porovnanie štatistické medzinárodné 
610 2 0 |a Európa 
610 2 0 |a Európska únia 
610 2 0 |a 1998-2002 
710 2 |a European Commission 
710 2 |a Eurostat